Inter-organizational information system in the internet age (Record no. 776147)

MARC details
000 -LEADER
fixed length control field 00725nam a2200241Ia 4500
003 - CONTROL NUMBER IDENTIFIER
control field OSt
005 - DATE AND TIME OF LATEST TRANSACTION
control field 20220928124044.0
008 - FIXED-LENGTH DATA ELEMENTS--GENERAL INFORMATION
fixed length control field 220927b |||||||| |||| 00| 0 eng d
037 ## - SOURCE OF ACQUISITION
Terms of availability Annuals, Advances
040 ## - CATALOGING SOURCE
Original cataloging agency SDCL
Transcribing agency SDCL
Language of cataloging eng
041 ## - LANGUAGE CODE
Source of code eng
Language code of text/sound track or separate title eng
100 ## - MAIN ENTRY--PERSONAL NAME
Personal name Eom Sean B
9 (RLIN) 463208
245 #0 - TITLE STATEMENT
Title Inter-organizational information system in the internet age
260 ## - PUBLICATION, DISTRIBUTION, ETC.
Place of publication, distribution, etc. Hershey
Name of publisher, distributor, etc. Idea Group Publishing
Date of publication, distribution, etc. 2005
300 ## - PHYSICAL DESCRIPTION
Extent xv,369p
Dimensions cm.
650 ## - SUBJECT ADDED ENTRY--TOPICAL TERM
Topical term or geographic name entry element Internet Management MNC
9 (RLIN) 463209
942 ## - ADDED ENTRY ELEMENTS (KOHA)
Classification part XM8:8:(D6,8(B),2771), P5
Koha item type Reference
Source of classification or shelving scheme Colon Classification (CC)
Holdings
Withdrawn status Lost status Damaged status Not for loan Home library Current library Date acquired Total Checkouts Full call number Barcode Date last seen Price effective from Koha item type
        South Campus Library South Campus Library 2022-09-28   XM8:8:(D6,8(B),2771) P5 SC1249718 2022-09-28 2022-09-28 Reference
Copyright @ Delhi University Library System